| 000 | 00343nam a2200145Ia 4500 | ||
|---|---|---|---|
| 008 | 230711s9999||||xx |||||||||||||| ||und|| | ||
| 041 | _aENG | ||
| 082 |
_a800 _bKH-D |
||
| 100 | _aSingh,Khushwant | ||
| 245 | 0 | _aDelhi Agra Jaipur | |
| 250 | _a1st | ||
| 260 |
_c1986 _aNew Delhi _bHimalayan Institute India |
||
| 650 | _aArchitecture | ||
| 942 | _cBK | ||
| 999 |
_c442 _d442 |
||